000 01204nam a2200241Ia 4500
003 Ost
005 20260416102353.0
008 260416s9999||||xx |||||||||||||| ||und||
040 _cfsecg
041 _aara
082 _a330
100 _aشطيبي، حنان
_eمؤلف
245 0 _aمحاضرات في مقياس مدخل للإقتصاد /
_c حنان شطيبي
260 _aالجزائر
_bجامعة الجزائر3: كلية العلوم الإقتصادية، العلوم التجارية وعلوم التسيير
_c2018
300 _a89 ورقة
_c30 سم
504 _aمراجع ص.83
520 _aالمدخل المفاهيمي لعلم الإقتصاد، المشكلة الاقتصادية، نبذة عن تطور الفكر الاقتصادي، الأنظمة الاقتصادية وحل المشكلة الاقتصادية، النشطة الاقتصادية
653 _aالاقتصاد
653 _aالمشاكل الاقتصادية
653 _aالنظم الاقتصادية
710 _aجامعة الجزائر3: كلية العلوم الإقتصادية، العلوم التجارية وعلوم التسيير
_eناشر علمي
942 _cHANDOUT
999 _c41090
_d41090